Fr. Conceicao Rodrigues College of Engineering

Word Perfect 5.1 Complete Reference (Record no. 34484)

MARC details
000 -LEADER
fixed length control field 00321nam a2200145Ia 4500
082 ## - DEWEY DECIMAL CLASSIFICATION NUMBER
Classification number 1.6
Item number Ace
100 ## - MAIN ENTRY--PERSONAL NAME
Personal name Acerson/K.L
245 ## - TITLE STATEMENT
Title Word Perfect 5.1 Complete Reference
260 ## - PUBLICATION, DISTRIBUTION, ETC.
Name of publisher, distributor, etc. Osborne McGraw Hill
Place of publication, distribution, etc. U S A
Date of publication, distribution, etc. 1990
300 ## - PHYSICAL DESCRIPTION
Extent 1327
546 ## - LANGUAGE NOTE
Language note ENGLISH
654 ## - SUBJECT ADDED ENTRY--FACETED TOPICAL TERMS
Focus term Word Perfect
942 ## - ADDED ENTRY ELEMENTS (KOHA)
Koha item type Reference Book
Holdings
Withdrawn status Lost status Damaged status Not for loan Collection Home library Current library Shelving location Date acquired Total Checkouts Full call number Barcode Date last seen Price effective from Koha item type
        AFT Fr. Agnel's C.Rodrigues College of Engineering Fr. Agnel's C.Rodrigues College of Engineering   17/03/2023   1.6 Ace AFT6488 17/03/2023 17/03/2023 Reference Book